000 00380nam a2200157Ia 4500
008 230917s9999||||xx |||||||||||||| ||und||
020 _cRS53
040 _e33706
_aMAIN
041 _aEnglish
082 _a410 T326L
100 _aThakur, Damodar
245 0 _aLinguistics simplified: Semantics
260 _aPatna
_bBharati Bhawan
_c1999
300 _avii, 147 p.
942 _cBK
999 _c81361
_d81361